| 000 | 00431nam a22001697a 4500 | ||
|---|---|---|---|
| 005 | 20231218011815.0 | ||
| 008 | 231218b |||||||| |||| 00| 0 eng d | ||
| 020 | _a0330301497. | ||
| 082 |
_222 _a305.4. _bGRE. |
||
| 100 | _aGreer Germaine. | ||
| 245 |
_aThe madwoman's underclothes. _cGermaine Greer. |
||
| 250 | _a2nd., | ||
| 260 |
_aLondon. _bPan books ltd., _c1986. |
||
| 300 | _axxvii, 305 p.: | ||
| 650 | _awomen. | ||
| 942 | _cL | ||
| 999 |
_c177 _d177 |
||